Capitales mondiales par carte sans indice de continent - Statistiques

Statistiques générales
  • Ce quiz a été pris 10 327 fois
  • Le résultat moyen est 109 sur 196
Réponses sur la Carte
Les réponses sont colorées sur une échelle allant du rouge au vert en fonction du pourcentage des utilisateurs qui les ont devinées à leur premier essai. Vous pouvez retrouver ces pourcentages ci-dessous.
 
Statistiques - réponses
pays capitale % Correct
France Paris
95%
Espagne Madrid
93%
Royaume-Uni Londres
91%
Russie Moscou
91%
Etats-Unis Washington
91%
Allemagne Berlin
90%
Portugal Lisbonne
90%
Mexique Mexico
89%
Italie Rome
89%
Brésil Brasilia
88%
Algérie Alger
87%
Canada Ottawa
87%
Chine Pékin
87%
Irlande Dublin
86%
Norvège Oslo
86%
Japon Tokyo
85%
Ukraine Kiev
83%
Égypte Le Caire
83%
Tunisie Tunis
83%
India New Delhi
82%
Grèce Athènes
81%
Belgique Bruxelles
81%
Argentine Buenos Aires
81%
Australie Canberra
81%
Maroc Rabat
81%
Finlande Helsinki
80%
Suède Stockholm
79%
Pologne Varsovie
79%
Pays-Bas Amsterdam
78%
Turquie Ankara
78%
Danemark Copenhague
78%
Suisse Berne
77%
Hongrie Budapest
77%
Luxembourg Luxembourg
77%
Roumanie Bucarest
76%
Corée du Sud Séoul
75%
Autriche Vienne
75%
Pérou Lima
74%
Monaco Monaco
73%
Islande Reykjavik
73%
Colombie Bogotá
71%
Bangladesh Dacca
71%
Chili Santiago
71%
Vatican Vatican
71%
Tchèquie Prague
70%
Bolivie La Paz au Sucre
69%
Biélorussie Minsk
69%
Afrique du Sud Pretoria, Le Cap au Bloemfontein
69%
Bulgarie Sofia
69%
Lettonie Riga
68%
Croatie Zagreb
68%
Indonésie Jakarta
67%
Israël Jérusalem
67%
Cuba La Havane
67%
Andorre Andorre-la-Vieille
66%
Uruguay Montevideo
66%
Estonie Tallinn
66%
Lituanie Vilnius
66%
Irak Bagdad
65%
Corée du Nord Pyongyang
65%
Thaïlande Bangkok
64%
Panama Panama
64%
Saint-Marin Saint-Marin
64%
Libye Tripoli
64%
Venezuela Caracas
63%
Malte La Valette
63%
Arabie Saoudite Riyad
63%
Iran Téhéran
63%
Nouvelle-Zélande Wellington
63%
Mongolie Oulan-Bator
62%
Équateur Quito
62%
Slovaquie Bratislava
61%
Philippines Manille
61%
Émirats arabes unis Abou Dabi
59%
Serbie Belgrade
59%
Liban Beyrouth
59%
Liechtenstein Vaduz
59%
Mali Bamako
58%
Sénégal Dakar
58%
Syrie Damas
58%
Pakistan Islamabad
58%
Afghanistan Kaboul
58%
Rép dém du Congo Kinshasa
58%
Slovénie Ljubljana
58%
Bosnie-Herzégovine Sarajevo
58%
Albanie Tirana
58%
Madagascar Antananarivo
57%
Viêt Nam Hanoï
57%
Paraguay Asunción
56%
Congo Brazzaville
56%
Qatar Doha
56%
Jamaïque Kingston
56%
Saint-Vincent-et-les-Grenadines Kingstown
56%
Chypre Nicosie
55%
Singapour Singapour
55%
Moldavie Chișinău
54%
Kenya Nairobi
54%
Haiti Port-au-Prince
54%
Kazakhstan Astana
53%
Guatemala Guatemala
53%
Malaisie Kuala Lumpur
53%
Azerbaïdjan Bakou
52%
Koweït Koweït
51%
Kosovo Pristina
51%
Yémen Sanaa
51%
Djibouti Djibouti
50%
Arménie Erevan
50%
Gabon Libreville
50%
Costa Rica San José
50%
Macédoine Skopje
50%
Géorgie Tbilissi
50%
Éthiopie Addis-Abeba
49%
Jordanie Amman
49%
Népal Katmandou
49%
Monténégro Podgorica
49%
Salvador San Salvador
49%
Taïwan Taipei
49%
Guyana Georgetown
48%
Soudan Khartoum
48%
Burkina Faso Ouagadougou
48%
Cameroun Yaoundé
48%
Bahamas Nassau
47%
Nicaragua Managua
46%
Oman Mascate
46%
Cambodge Phnom Penh
46%
Ghana Accra
45%
Sierra Leone Freetown
45%
Angola Luanda
45%
Mauritania Nouakchott
45%
Île Maurice Port-Louis
45%
Togo Lomé
44%
Maldives Malé
44%
Somalie Mogadiscio
44%
Ouzbékistan Tachkent
44%
Côte d'Ivoire Yamoussoukro
44%
Niger Niamey
43%
Trinité-et-Tobago Port-d'Espagne
43%
République dominicaine Saint-Domingue
43%
Laos Vientiane
43%
Nigeria Abuja
42%
Belize Belmopan
42%
Kirghizistan Bichkek
42%
Mozambique Maputo
42%
Suriname Paramaribo
42%
Honduras Tegucigalpa
42%
Seychelles Victoria
42%
Bahreïn Manama
41%
Tchad Ndjamena
41%
Namibie Windhoek
41%
Érythrée Asmara
40%
République Centrafricaine Bangui
40%
Guinée-Bissau Bissau
40%
Guinée Conakry
40%
Rwanda Kigali
40%
Papouasie-Nouvelle-Guinée Port Moresby
40%
Cabo Verde Praia
40%
Timor-Leste Dili
39%
Tadjikistan Douchanbé
39%
São Tomé-et-Principe Sao Tomé
39%
Turkménistan Achgabat
38%
Tanzanie Dodoma
38%
Zimbabwe Harare
38%
Benin Porto-Novo au Cotonou
38%
Gambie Banjul
36%
Soudan du Sud Djouba
36%
Zambie Lusaka
36%
Comores Moroni
36%
Dominique Roseau
36%
Sainte-Lucie Castries
35%
Sri Lanka Colombo
35%
Botswana Gaborone
35%
Ouganda Kampala
35%
Guinée équatoriale Malabo
35%
Myanmar Naypyidaw
35%
Lesotho Maseru
34%
Liberia Monrovia
34%
Antigua-et-Barbuda Saint John's
34%
Bhoutan Thimphou
34%
Brunei Bandar Seri Begawan
33%
Saint-Christophe-et-Niévès Basseterre
33%
Vanuatu Port-Vila
33%
Grenade Saint George's
33%
Fidji Suva
33%
Samoa Apia
32%
Malawi Lilongwe
32%
Barbade Bridgetown
31%
Eswatini Mbabane
31%
Nauru Yaren
29%
Micronésie Palikir
28%
Tuvalu Funafuti
27%
Salomon Honiara
27%
Îles Marshall Majuro
27%
Kiribati Tarawa
26%
Tonga Nukuʻalofa
25%
Burundi Gitega
24%
Palau Ngerulmud
22%
Aucun quiz correspondant
Distribution des résultats
% des personnes avec chaque résultat
Percentile par nombre de réponses
Votre historique - résultats
Vous n’avez pas pris ce quiz